BIBLIOTHÈQUE DE LA MAISON DU MEXIQUE

Logo 1 Logo 2

Orbe indiano (notice nᵒ 885)

détails MARC
000 -Sello discográfico
campo de control de longitud fija 01261nam a2200349 4500
005 - Identificación de versión
campo de control 20251016082507.0
010 ## - Número Estándar Internacional de Libros (ISBN)
Número (ISBN) 968-16-3657-0
035 ## - Otros números de control del sistema
Número de control del sistema 21213
099 ## - fechas locales
Tipo de ítem Koha LIBRO
100 ## - Datos de procesamiento general
Datos de procesamiento general 19960718d19931991m y1spay5003 ba
101 1# - Idioma del recurso
Idioma del texto, banda sonora, etc. Español; Castellano
Idioma de la obra original Inglés
105 ## - Campo de datos codificados: Material textual, monográfico
Datos codificados de monografía a 001zy
200 1# - Título y mención de responsabilidad
Título propio Orbe indiano
Designación general del material texto impreso
Otra información del título de la monarquía católica a la república criolla : 1492-1867
Primer mención de responsabilidad David Brading
Declaración de responsabilidad subsiguiente traducción Juan José Utrilla
205 ## - Declaración de edición
Declaración de edición 1a reimpr de la 1a ed
210 ## - Publicación, distribución, etc.
Lugar de publicación, distribución, etc. México
Nombre del editor, distribuidor, etc. Fondo de Cultura Económica
Fecha de publicación, distribución, etc. 1993
215 ## - Descripción física
Designación de material específico y extensión del ítem 770 p
Otras características físicas il.
Dimensiones 24 cm
300 ## - Notas generales
Texto de la nota Traducción de : The First America : the Spanish monarchy, creole patriots and the liberal state, 1492-1867. Contiene índice analítico
345 ## - Nota de información de adquisición
Fuente de adquisición/dirección de la suscripción [OBSOLETO] Donación del FCE
410 #1 - Series
Título Sección de Obras de Historia
607 ## - Nombre geográfico utilizado como tema
Elemento de entrada América
Subdivisión temática Historia
-- Filosofía
Número Koha 2263
607 ## - Nombre geográfico utilizado como tema
Elemento de entrada América
Subdivisión temática Historia
-- Historiografía
Número Koha 2264
660 ## - Código de área geográfica
Código MX
700 ## - Nombre personal - Responsabilidad primaria
Elemento de entrada Brading
Parte del nombre distinta del elemento de entrada David Anthony
Fechas 1936-2024
Número Koha 2397
702 ## - Nombre personal - Responsabilidad secundaria
Elemento de entrada Utrilla
Parte del nombre distinta del elemento de entrada Juan José
Fechas 1932-
Número Koha 2309
801 #0 - Fuente de origen
Agencia cm
900 ## -
-- 1/12540
900 ## -
-- 710962033\\180796
942 ## - ELEMENTOS DE ENTRADA SECUNDARIOS (KOHA)
Tipo de ítem Koha Livre
996 ## -
-- MEX
-- 751145101
-- MMAG
-- 005589
-- 980 B779OR
-- 20211220LIV
Exemplaires
Estatus retirado Estado de daño Estado de pérdida Fecha de adquisición Biblioteca de origen Biblioteca actual Ubicación en estantería Código de barras Precio de reemplazo Signatura topográfica completa No para préstamo Tipo de ítem Koha Nota pública Nota no pública
      05/08/2025 Casa México Paris Casa México Paris   005589 05/08/2025 980 B779OR   Livre 20211220LIV 751145101